| 000 | 01169cam a2200229 a 4500 | ||
|---|---|---|---|
| 001 | 000003433 | ||
| 005 | 20200929150436.0 | ||
| 008 | 960612s1995 nju b 001 0 spa d | ||
| 020 | _a1884975046 | ||
| 040 |
_aDO-SdBNP _bspa _cBNPHU |
||
| 082 |
_aCu860.9 _bJ614a |
||
| 100 | 1 |
_aJiménez, Luis A. _d1984- _910705 |
|
| 245 | 1 | 3 |
_aEl arte autobiográfico en Cuba en el siglo XIX / _cLuis A. Jiménez. |
| 260 |
_aNew Brunswick, New Jersey : _bOmeteca Institute, _c1995. |
||
| 300 |
_a188 p. ; _c22 cm. |
||
| 504 | _aIncluye referencias bibliográficas(p. [161]-174) y el índice. | ||
| 505 | 0 | _aLa condesa de Merlín y la expresión de la otredad -- Manzano: voces y silencios narrativos -- Diario de amor de Gertrudis Gómez de Avellaneda -- Epistolario de Juana Borrero -- Poesía autobiográfica y ficción en "La niña de Guatemala" -- Casal y la poética de la "Autobiografía" -- Zenea y la alegoría de la separación. | |
| 650 | 4 |
_aLiteratura cubana _ySIGLO XIX _xHistoria y crítica _910706 |
|
| 650 | 4 |
_aAutobiografía _9323 |
|
| 651 | 4 |
_aCuba _xBiografía _xHistoria Y Crítica _910707 |
|
| 650 | 0 |
_aAutores cubanos _ySIGLO XIX _xBiografía _xHistoria y crítica _910708 |
|
| 999 |
_c3263 _d3263 |
||